| 000 | 00506nam a2200205 a 4500 | ||
|---|---|---|---|
| 999 |
_c4424 _d4424 |
||
| 001 | 4424 | ||
| 003 | BD-JhCC | ||
| 005 | 20180327092209.0 | ||
| 008 | 171127s1962 p |||| || | 000 0 eng d | ||
| 035 | _a(BD-JhCC)4424 | ||
| 040 |
_aBD-JhCC _dBD-JhCC |
||
| 041 | _aeng | ||
| 082 |
_a820.8 _bINT 1962 |
||
| 245 | _aIntermediate English Book Two / | ||
| 260 |
_aLahore : _bOxford University Press, _c1962 |
||
| 300 |
_a250 p. : _c18 cm. |
||
| 650 | _aEnglish Literture | ||
| 942 |
_2ddc _cBK |
||